00333nam a22000977a 4500008004100000082001900041110001900060245010900079260003800188300000900226230620b xxu||||| |||| 00| 0 eng d a305.5bUN 2003 bUNited Nations aThe Convention on the Elimination of All Forms of Discrimination Against Women and its Optional Protocol aSwitzerlandbUnited Nationsc2003 a121p